000 00936nam a2200265 i 4500
001 40432
003 ES-MaACL
005 20240528062723.0
007 ta
008 240516s1981 sp ||||1| spa d
017 _aM 300004-1981
_bOficina Depósito Legal Madrid
040 _cES-MaACL
100 0 _aCárdenas Campos, Antonio
_935147
245 1 0 _aCon los pies en la tierra /
_cAntonio Cárdenas Campos.
260 _aMadrid :
_b[s.n.],
_c[1981].
_fImp. Pinar.
300 _a123 p. ;
_c21 cm.
650 4 _916177
_aPoesía española-
_yS.XX
655 7 _2tgfbne
_aPoesías
_9176539
852 _aES-MaACL
_jL-1501
_bR.102447
_941912
852 _aES-MaACL
_cDEPO2
_jBUE-820
_gFirma y rúbrica del autor, Antonio Cárdenas Campos en el recto de la anteportada.
_hDonativo: Antonio Buero Vallejo
_9202442
942 _cMONOGRAFIA
999 _c40432
_d40432